| 000 | 00407nam a22001577a 4500 | ||
|---|---|---|---|
| 003 | JO-AjAnu | ||
| 005 | 20240109122931.0 | ||
| 008 | 240109b jo ||||| |||| 00| 0 ara d | ||
| 040 | _canu | ||
| 041 | _aara | ||
| 245 | 0 | 0 | _aمخرج بموجب مستند اخراج رقم 60 |
| 336 |
_atext _btxt _2rdacontent |
||
| 337 |
_aunmediated _bn _2rdamedia |
||
| 338 |
_avolume _bnc _2rdacarrier |
||
| 942 |
_2lcc _cBK |
||
| 999 |
_c30007 _d30007 |
||